| 000 | 00734nam a22002057i 4500 | ||
|---|---|---|---|
| 999 |
_c23164 _d23164 |
||
| 003 | AR-CdUCM | ||
| 008 | 250117b20202020 pe||||| |||| 00| 0 spa d | ||
| 040 |
_aMUNICIPALIDAD PROVINCIAL DEL CUSCO _cBIBLIOTECA MUNICIPAL DEL CUSCO |
||
| 041 | _hspa | ||
| 082 |
_a803 / R63W _bR63W |
||
| 100 |
_aRíos Zamalloa, Jorge _92949 |
||
| 245 | _aEl Willakuy del Auqa Pureq / | ||
| 260 |
_aCusco : _bEditorial Wamanpuma _c2020 |
||
| 300 |
_a128 páginas. : _c20x13 cm. |
||
| 505 | _aWillakuy del Auqa Pureq -- Los condenados al Ausangate -- La vida sobre el mar -- Dos mundos distintos -- El gran mercado -- Aka Mama y el Akanaku | ||
| 650 |
_aCondenados _950922 |
||
| 650 |
_aHitler _92451 |
||
| 942 |
_2ddc _cLIBROS |
||
| 945 |
_apbj _d17-01-2025 |
||